Revolución y democracia en Gramsci / (Record no. 106047)

MARC details
000 -LEADER
campo de control de longitud fija 00962nam a2200277 i 4500
001 - NÚMERO DE CONTROL
campo de control 106047
003 - IDENTIFICADOR DE NÚMERO DE CONTROL
campo de control ES-MaACL
005 - FECHA Y HORA DE LA ÚLTIMA TRANSACCIÓN
campo de control 20250801131154.0
007 - CAMPO FIJO DE DESCRIPCIÓN FÍSICA--INFORMACIÓN GENERAL
campo de control de longitud fija t|
008 - DATOS DE LONGITUD FIJA--INFORMACIÓN GENERAL
campo de control de longitud fija 060922s1976 sp ||||1| spa d
020 ## - NÚMERO INTERNACIONAL ESTÁNDAR DEL LIBRO
Número Internacional Estándar del Libro 84-7367-032-9
080 ## - NÚMERO DE LA CLASIFICACIÓN DECIMAL UNIVERSAL
Número de la Clasificación Decimal Universal 330.852 Gramsci, Antonio
245 00 - MENCIÓN DEL TÍTULO
Título Revolución y democracia en Gramsci /
Mención de responsabilidad, etc. Eric Hobsbawm ; prólogo y selección Joan Subirats, Jaume Colomer, C. Rodríguez Aguilera de Prat.
260 ## - PUBLICACIÓN, DISTRIBUCIÓN, ETC.
Lugar de publicación, distribución, etc. Barcelona :
Nombre del editor, distribuidor, etc. Fontamara,
Fecha de publicación, distribución, etc. [1976]
300 ## - DESCRIPCIÓN FÍSICA
Extensión 203 p. ;
Dimensiones 19 cm.
490 1# - MENCIÓN DE SERIE
Mención de serie De la naturaleza de las cosas
500 ## - NOTA GENERAL
Nota general Biblioteca Juan Andrade.
600 14 - PUNTO DE ACCESO ADICIONAL DE MATERIA--NOMBRE DE PERSONA
Nombre de persona Gramsci, Antonio,
Fechas asociadas al nombre 1891-1937
9 (RLIN) 241506
700 1# - ENTRADA AGREGADA--NOMBRE PERSONAL
Nombre de persona Hobsbawm, E. J. (
Fechas asociadas al nombre 1917-2012)
9 (RLIN) 63862
700 1# - ENTRADA AGREGADA--NOMBRE PERSONAL
Nombre de persona Subirats, Joan.
9 (RLIN) 108698
700 1# - ENTRADA AGREGADA--NOMBRE PERSONAL
Nombre de persona Colomer, Jaume.
9 (RLIN) 39846
700 1# - ENTRADA AGREGADA--NOMBRE PERSONAL
Nombre de persona Rodríguez Aguilera, Cesáreo.
9 (RLIN) 98320
830 0# - PUNTO DE ACCESO ADICIONAL DE SERIE-TÍTULO UNIFORME
Título uniforme De la naturaleza de las cosas
9 (RLIN) 185146
852 ## - LOCALIZACIÓN
Ubicación ES-MaACL
Número de control de estantería AND-714
Sublocalización o colección R.110010
Holdings
Estatus retirado Estado de pérdida Estado de daño No para préstamo Biblioteca de origen Biblioteca actual Ubicación en estantería Fecha de adquisición Fuente de adquisición Total de préstamos Signatura topográfica completa Código de barras Visto por última vez Precio de reemplazo Tipo de ítem Koha
        Biblioteca del Ateneo de Madrid Biblioteca del Ateneo de Madrid Depósito 2 17/01/2008     AND-714 1110709 23/02/2023 23/02/2023 Libro impreso